| 000 | 02121nam a22004097a 4500 | ||
|---|---|---|---|
| 003 | OSt | ||
| 005 | 20240228141132.0 | ||
| 008 | 100322s2012 mx 000 0 spa d | ||
| 020 | _a9786078092376 | ||
| 040 |
_aDO-SdBNP _bspa _cBNPHU |
||
| 082 |
_axxxx _bxxxx |
||
| 245 | 0 | 0 |
_aDramaturgia de Iberescena : _bantología / _cBeatriz Catani...[et al] ; prólogo Jaime Chabaud ; presentación Alegría Martínez |
| 260 |
_aChurubusco-Coyoacán, México : _bAgencia Española de Cooperación Internacional para el Desarrollo, _bFondo de Ayudas ara las Artes Escénicas Iberoamericanas. _c2012. |
||
| 300 |
_a435 p. : _c21 cm. |
||
| 490 |
_aDramaturgia ; _aPaso de gato ; |
||
| 505 |
_tPrólogo -- _rJaime Chabaud / _tPresentación -- _rAlegría Martínez / _tProyecto distancias -- _rBeatriz Catani y Óscar Cornago / _tLa dama de los evangelios -- _rElisa Lucas / _tMedusa -- _rXimena Carrera / _tPonocho y Frankenstein le tienen miedo a Harrison Ford -- _rFabio Rubiano / _tVacío -- _rRoxana Ávila y Ailyn Morera / _tKay-Pacha -- _rJuan Francisco Moreno Montenegro / _tLos cuerpos perdidos -- _rJosé Manuel Mora / _t¿Qué entiendes tú por amor? -- _rBerta Hiriart / _tDulce sueño, Agú Dadá -- _rMaritza Kirchhausen / _tA la espera -- _rElizabeth Ovalle / _tShangau -- _rGabriel Peveroni / |
||
| 590 | _aInventariado, 2021/ YL | ||
| 590 | _aLa biblioteca posee un (1) ejemplar autografiado por el autor. | ||
| 700 | 1 | 2 |
_aChabaud, Jaime _978203 _eprol. |
| 700 | 1 | 2 |
_aMartínez, Alegría _973181 _epres. |
| 700 | 1 | 2 |
_aCatani, Beatriz _926932 |
| 700 | 1 | 2 |
_aCornago, Óscar _978204 |
| 700 | 1 | 2 |
_aPichardo, José Adolfo, _d1964- _926369 |
| 700 | 1 | 2 |
_aCarrera, Ximena _91538 |
| 700 | 1 | 2 |
_aRubiano, Fabio _978211 |
| 700 | 1 | 2 |
_aÁvila, Roxana _978212 |
| 700 | 1 | 2 |
_aMorera, Ailyn _978213 |
| 700 | 1 | 2 |
_aMoreno Montenegro, Juan Francisco _978214 |
| 700 | 1 | 2 |
_aMora, José Manuel _978215 |
| 700 | 1 | 2 |
_aHiriart, Berta _978216 |
| 700 | 1 | 2 |
_aKirchhausen, Maritza _978217 |
| 700 | 1 | 2 |
_aOvalle, Elizabeth _973181 |
| 700 | 1 | 2 |
_aPeveroni, Gabriel _978218 |
| 830 |
_aDramaturgia _pPaso de gato _978219 |
||
| 910 | _aYLOCKWARD | ||
| 942 |
_2ddc _cLBS1 |
||
| 999 |
_c49647 _d49647 |
||